[Event "Rhein Main op-B 15th"]
[Site "Bad Homburg"]
[Date "2012.06.10"]
[Round "7"]
[White "Urbach, Jens"]
[Black "Skiera, Vincent"]
[Result "1/2-1/2"]
[WhiteElo "1565"]
[BlackElo "1361"]
[PlyCount "67"]
[EventDate "2012.06.06"]
[EventType "swiss"]
[EventRounds "7"]
[EventCountry "GER"]
[SourceTitle "EXT 2013"]
[Source "ChessBase"]
[SourceDate "2012.11.22"]
[SourceVersion "1"]
[SourceVersionDate "2012.11.22"]
[SourceQuality "1"]

1. e4 e5 2. Nf3 Nc6 3. d4 exd4 4. Nxd4 Qe7 5. Nc3 Nf6 6. Nxc6 dxc6 7. Bg5 Qe5 8. Bxf6 Qxf6 9. Be2 Bc5 10. 0-0 0-0 11. a3 Be6 12. Qe1 Rad8 13. Bf3 Bd6 14. Qe3 Rfe8 15. Rfe1 Be5 16. Rab1 Bd4 17. e5 Qg6 18. Qe2 Bf5 19. Bh5 Qg5 20. e6 Bxe6 21. Ne4 Qe7 22. c3 Bf6 23. Qf3 Bd5 24. Nxf6+ Qxf6 25. Rxe8+ Rxe8 26. Qxf6 gxf6 27. g3 Re5 28. Bg4 Re4 29. Bh3 Re2 30. Bf1 Be4 31. Bxe2 Bxb1 32. Bg4 f5 33. Bh3 Be4 34. g4 1/2-1/2

[Event "Rhein Main op-B 15th"]
[Site "Bad Homburg"]
[Date "2012.06.06"]
[Round "1"]
[White "Skiera, Vincent"]
[Black "Schneider, Udo"]
[Result "0-1"]
[WhiteElo "1361"]
[BlackElo "1820"]
[PlyCount "64"]
[EventDate "2012.06.06"]
[EventType "swiss"]
[EventRounds "7"]
[EventCountry "GER"]
[SourceTitle "EXT 2013"]
[Source "ChessBase"]
[SourceDate "2012.11.22"]
[SourceVersion "1"]
[SourceVersionDate "2012.11.22"]
[SourceQuality "1"]

1. e4 c5 2. c3 d5 3. e5 e6 4. d4 Qa5 5. Nf3 Nc6 6. Bd2 Qb6 7. dxc5 Qxb2 8. Qb3 Qxb3 9. axb3 Bxc5 10. Bb5 Bd7 11. b4 Bb6 12. Bf4 Nge7 13. Bxc6 Nxc6 14. Na3 a6 15. Nb5 0-0 16. Nd6 Rab8 17. 0-0 d4 18. Nxd4 Nxd4 19. cxd4 Bxd4 20. Rac1 Bc6 21. Nxb7 Bxb7 22. Rfd1 Rfd8 23. Rd2 Bb6 24. Rd6 Rxd6 25. exd6 Rd8 26. Rd1 Rd7 27. Rc1 f6 28. Rd1 e5 29. Bc1 Kf7 30. Ba3 Bc6 31. Kf1 Bb5+ 32. Ke1 Ke6 0-1